| 000 | 00448nam a2200133Ia 4500 | ||
|---|---|---|---|
| 008 | 250506s9999 xx 000 0 und d | ||
| 024 | _a07B-72-EE, 07B-99-EE, 07B-100-EE & 07B-95-EE | ||
| 082 | _a670.427072 SUB | ||
| 100 | _aSubhan Muhammad Khan, S. M. Faiq Akhter, Syed Farrukh Anwar & Rizwan Ur Rehman | ||
| 245 | 0 | _aGAS Sniffer | |
| 260 |
_aKarachi: _bUIT, _c2007 |
||
| 600 | _aElectronic Engineering | ||
| 650 | _aBachelor of Engineering (BE) | ||
| 999 |
_c27922 _d27922 |
||